| 000 | 00990cam a2200301 a 4500 | ||
|---|---|---|---|
| 999 |
_c1226 _d1226 |
||
| 001 | 16858951 | ||
| 003 | GZU | ||
| 005 | 20210506115635.0 | ||
| 008 | 110706s2011 sa a b 001 0 eng | ||
| 010 | _a 2011466179 | ||
| 020 | _a9780627027727 | ||
| 020 | _a0627027725 | ||
| 040 |
_aDLC _cDLC |
||
| 042 | _apcc | ||
| 050 | 0 | 0 |
_aH 62 _bVOS 2008 |
| 245 | 0 | 0 |
_aResearch at grass roots : _bfor the social sciences and human services professions / _cA.S. de Vos ... [et al.]. |
| 250 | _a4th ed. | ||
| 260 |
_aPretoria : _bVan Schaik, _c2011. |
||
| 300 |
_axv, 547 p. : _bill. ; _c25 cm. |
||
| 504 | _aIncludes bibliographical references (p. 514-537) and index. | ||
| 650 | 0 |
_aSocial service _xResearch _xMethodology. |
|
| 650 | 0 |
_aSocial sciences _xResearch _xMethodology. |
|
| 650 | 0 |
_aHuman services _xResearch _xMethodology. |
|
| 700 | 1 | _aDe Vos, A. S. | |
| 906 |
_a7 _bcbc _corigres _d3 _encip _f20 _gy-gencatlg |
||
| 942 |
_2lcc _cBK _h62 _iVOS _k2008 |
||